Geometry of normed linear spaces : proceedings of a conference held June 9-12, 1983, in honor of Mahlon Marsh Day
Αποθηκεύτηκε σε:
| Συλλογικό Έργο: | , |
|---|---|
| Άλλοι συγγραφείς: | , |
| Μορφή: | Πρακτικό Συνεδρίου Βιβλίο |
| Γλώσσα: | English |
| Δημοσίευση: |
Providence, R.I. :
American Mathematical Society,
c1986.
|
| Σειρά: | Contemporary mathematics (American Mathematical Society) ;
52 |
| Θέματα: | |
| Ετικέτες: |
Προσθήκη ετικέτας
Δεν υπάρχουν, Καταχωρήστε ετικέτα πρώτοι!
|
MARC
| LEADER | 00000cam a2200000 i 4500 | ||
|---|---|---|---|
| 001 | 1/104375 | ||
| 008 | 000310s1986 riu| ||| |||| ||eng|| | ||
| 020 | |a 0821850571 | ||
| 035 | |l 10058814 | ||
| 040 | |a GR-MyUa |b gre |e AACR2 | ||
| 041 | 0 | |a eng | |
| 082 | 7 | |a 515.73 |2 (22) | |
| 111 | 2 | |a Conference on Geometry of Normed Linear Spaces |d (1983 : |c University of Illinois at Urbana-Champaign) | |
| 245 | 1 | 0 | |a Geometry of normed linear spaces : |b proceedings of a conference held June 9-12, 1983, in honor of Mahlon Marsh Day / |c R.G. Bartle … [et al.]. |
| 260 | |a Providence, R.I. : |b American Mathematical Society, |c c1986. | ||
| 300 | |a xi, 171 σ. : |b εικ. ; |c 26 εκ. | ||
| 490 | 1 | |a (Contemporary mathematics ; |v 52) | |
| 504 | |a Περιλαμβάνει βιβλιογραφίες. | ||
| 650 | 0 | |a Normed linear spaces |x Congresses. | |
| 700 | 1 | |a Day, Mahlon Marsh. | |
| 700 | 1 | |a Bartle, Robert G., |d 1927-2003, |e edt | |
| 710 | 2 | |a National Science Foundation (U.S.) | |
| 830 | 0 | |a Contemporary mathematics (American Mathematical Society) ; |v 52 | |
| 852 | |a INST |b SAMOS |e 20000310 |h 515.73 CON |p 005300018054 |q 005300018054 |t BK |y 0 | ||
| 852 | |a INST |b SYROS |e 20200108 |h 515.73 CON |p 005500013912 |q 005500013912 |t BK |y 0 | ||
| 901 | |a BIBL3-2000-1 | ||
| 922 | |a 3ΕΛΗ |b 199911 |c ΕΠΕΑΕΚ/ΜΑΘ |d Παπασωτηρίου | ||
| 970 | |a Κοσιέρης |b Χρήστος |z 10/03/2000 | ||